[Event "Swiss Queens Wed #9"]
[Site "FIDE Online Arena INT"]
[Date "2024.03.27"]
[Round "8"]
[White "Doluhanova, Evgeniya"]
[Black "Gunina, Valentina"]
[Result "0-1"]
[WhiteElo "2261"]
[BlackElo "2437"]
[PlyCount "128"]
[EventDate "2024.03.27"]
[EventType "swiss (blitz)"]
[EventRounds "11"]
[EventCountry "NET"]
[SourceTitle "CB14_2024"]
[SourceDate "2024.04.01"]
[SourceVersion "1"]
[SourceVersionDate "2024.04.01"]
[SourceQuality "1"]

1. Nf3 d5 2. b3 c6 3. Bb2 Bf5 4. e3 e6 5. Be2 h6 6. 0-0 Nf6 7. c4 Be7 8. Nc3 0-0 9. Rc1 Nbd7 10. d4 a5 11. Ne5 Nxe5 12. dxe5 Nd7 13. cxd5 exd5 14. Na4 f6 15. exf6 Bxf6 16. Bg4 Bxg4 17. Qxg4 Qe7 18. Bxf6 Rxf6 19. Qd4 Raf8 20. Nc5 Ne5 21. Nd3 Nxd3 22. Qxd3 Re6 23. Rc2 Re4 24. Qc3 a4 25. Rd1 axb3 26. axb3 Rg4 27. Rd4 Rg5 28. Qc5 Qe6 29. h4 Rg4 30. Ra2 Qg6 31. Rxg4 Qxg4 32. Qd4 Qxd4 33. exd4 Rf4 34. Ra4 Rxh4 35. g3 Re4 36. Kg2 Kf7 37. Ra7 Re7 38. b4 Ke6 39. f4 Kd6 40. Kf3 Kc7 41. Ra8 Kb6 42. Kg4 Kb5 43. Kf5 Kxb4 44. Kg6 Kc4 45. f5 Kxd4 46. g4 c5 47. Rg8 c4 48. Rxg7 Rxg7+ 49. Kxg7 c3 50. f6 c2 51. f7 c1Q 52. f8Q Qg5+ 53. Kh7 Kc4 54. Qc8+ Kd3 55. Qxb7 d4 56. Qf3+ Qe3 57. Qd1+ Ke4 58. Qh1+ Kf4 59. Qxh6+ Kxg4 60. Qg6+ Kh4 61. Qf6+ Kg3 62. Qd6+ Kg2 63. Qd5+ Kf2 64. Qf5+ Kg3 0-1

[Event "Bucharest Grand Prix op"]
[Site "Bucharest"]
[Date "2024.03.24"]
[Round "8"]
[White "Doluhanova, Evgeniya"]
[Black "Nevednichy, Vladislav"]
[Result "0-1"]
[WhiteElo "2261"]
[BlackElo "2445"]
[PlyCount "101"]
[EventDate "2024.03.23"]
[EventType "swiss (rapid)"]
[EventRounds "10"]
[EventCountry "ROU"]
[SourceTitle "CB13_2024"]
[SourceDate "2024.03.27"]
[SourceVersion "1"]
[SourceVersionDate "2024.03.27"]
[SourceQuality "1"]

1. Nf3 Nf6 2. e3 g6 3. b3 Bg7 4. Bb2 c5 5. d4 0-0 6. Be2 Ne4 7. 0-0 d5 8. c4 Nc6 9. cxd5 Qxd5 10. Nc3 Nxc3 11. Bxc3 Bf5 12. Rc1 cxd4 13. Nxd4 Nxd4 14. Bxd4 Bxd4 15. Bf3 Be4 16. Bxe4 Qxe4 17. exd4 Qf4 18. Qe2 e6 19. Qe5 Qd2 20. Rc7 b6 21. h4 Rad8 22. Rxa7 Rxd4 23. g3 Rd5 24. Qc7 b5 25. Qc1 Qd4 26. Rc7 h5 27. Re1 Rf5 28. Qe3 Qxe3 29. Rxe3 Ra8 30. Re2 Rd5 31. Kg2 Ra6 32. Rec2 Kg7 33. Rb7 e5 34. Rcc7 Rf6 35. Rd7 Rxd7 36. Rxd7 Ra6 37. Rd5 e4 38. Rd4 f5 39. a4 bxa4 40. bxa4 Kf6 41. f3 Ke5 42. Rb4 Rc6 43. f4+ Kd5 44. a5 Rc2+ 45. Kf1 Ra2 46. Rb6 Rxa5 47. Rxg6 Kd4 48. Rb6 Ra1+ 49. Kf2 e3+ 50. Ke2 Ra2+ 51. Ke1 0-1

[Event "Bucharest Grand Prix op"]
[Site "Bucharest"]
[Date "2024.03.23"]
[Round "3"]
[White "Brunello, Sabino"]
[Black "Doluhanova, Evgeniya"]
[Result "1-0"]
[WhiteElo "2515"]
[BlackElo "2261"]
[PlyCount "67"]
[EventDate "2024.03.23"]
[EventType "swiss (rapid)"]
[EventRounds "10"]
[EventCountry "ROU"]
[SourceTitle "CB13_2024"]
[SourceDate "2024.03.27"]
[SourceVersion "1"]
[SourceVersionDate "2024.03.27"]
[SourceQuality "1"]

1. c4 Nf6 2. g3 e6 3. Bg2 d5 4. Nf3 dxc4 5. Qa4+ Bd7 6. Qxc4 c5 7. Ne5 Qc8 8. b3 Nc6 9. Nxd7 Qxd7 10. Bb2 Be7 11. 0-0 0-0 12. Rd1 Rac8 13. Nc3 Nd4 14. e3 Nc2 15. Rac1 Nb4 16. d4 cxd4 17. Qxd4 Qxd4 18. Rxd4 b6 19. a3 Nc6 20. Rc4 Na5 21. Nd5 Rce8 22. Nxe7+ Rxe7 23. R4c3 b5 24. Rd3 Rd7 25. Rxd7 Nxd7 26. Rc7 Rd8 27. Rxa7 Nxb3 28. Bc6 Ndc5 29. Bxb5 h5 30. Bc3 Ne4 31. Bb4 g5 32. Bc6 Nbd2 33. Ra8 Rxa8 34. Bxa8 1-0

[Event "Belgrade (Women) 55th"]
[Site "Belgrade"]
[Date "2024.03.04"]
[Round "3"]
[White "Mehmed, Elif"]
[Black "Doluhanova, Evgeniya"]
[Result "1-0"]
[WhiteElo "2194"]
[BlackElo "2261"]
[PlyCount "91"]
[EventDate "2024.03.02"]
[EventType "tourn"]
[EventRounds "9"]
[EventCountry "SRB"]
[EventCategory "1"]
[SourceTitle "CB11_2024"]
[SourceDate "2024.03.13"]
[SourceVersion "1"]
[SourceVersionDate "2024.03.13"]
[SourceQuality "1"]

1. e4 e5 2. Nf3 Nc6 3. Nc3 Nf6 4. a3 g6 5. d4 exd4 6. Nxd4 Bg7 7. Nxc6 bxc6 8. Bc4 0-0 9. 0-0 d6 10. Bg5 h6 11. Bh4 Qe8 12. Qe2 Rb8 13. Rab1 Be6 14. Bd3 c5 15. f4 Bg4 16. Qe1 Nh7 17. f5 gxf5 18. exf5 Bd4+ 19. Bf2 Qxe1 20. Rbxe1 f6 21. Bxd4 cxd4 22. Bc4+ Kh8 23. Nd5 Rfe8 24. Ne7 Bh5 25. g4 Bxg4 26. Bf7 Rf8 27. Ng6+ Kg7 28. Nxf8 Kxf8 29. Bg6 Ng5 30. Kf2 d5 31. Kg3 h5 32. b4 a5 33. bxa5 Ra8 34. Re8+ Rxe8 35. Bxe8 Ne4+ 36. Kh4 Be2 37. Re1 Kxe8 38. Rxe2 Kd7 39. Kxh5 c5 40. Kg4 c4 41. Kf4 Nc5 42. h4 c3 43. h5 d3 44. cxd3 Nxd3+ 45. Ke3 Nc5 46. Kd4 1-0

[Event "Swiss Queens Wed #2"]
[Site "FIDE Online Arena INT"]
[Date "2024.02.07"]
[Round "1"]
[White "Doluhanova, Evgeniya"]
[Black "Zaksaite, Salomeja"]
[Result "0-1"]
[WhiteElo "2263"]
[BlackElo "2212"]
[PlyCount "120"]
[EventDate "2024.02.07"]
[EventType "swiss (blitz)"]
[EventRounds "11"]
[EventCountry "NET"]
[SourceTitle "CB07_2024"]
[SourceDate "2024.02.14"]
[SourceVersion "1"]
[SourceVersionDate "2024.02.14"]
[SourceQuality "1"]

1. Nf3 Nf6 2. b3 d6 3. Bb2 e5 4. e3 g6 5. d4 exd4 6. exd4 Bg7 7. Qe2+ Qe7 8. Qxe7+ Kxe7 9. Nc3 c6 10. Bd3 Re8 11. 0-0-0 Bg4 12. Rde1+ Kf8 13. Rxe8+ Nxe8 14. Nd2 Bxd4 15. f3 Be6 16. Nce4 Bxb2+ 17. Kxb2 Nd7 18. Re1 h6 19. c4 Rd8 20. Bc2 Ndf6 21. Nc3 Nc7 22. a3 d5 23. cxd5 Nfxd5 24. Nxd5 Nxd5 25. Ne4 b6 26. Rd1 Ke7 27. Re1 Nf4 28. Rg1 f5 29. Nc3 Rd2 30. g3 Nd3+ 31. Kb1 Nc5 32. b4 Nd7 33. h4 Kf6 34. Re1 Ne5 35. f4 Nc4 36. Kc1 Rg2 37. Bb3 Bf7 38. Ne2 Nxa3 39. Bxf7 Kxf7 40. Kb2 Nc4+ 41. Kc3 b5 42. Nd4 Rxg3+ 43. Kc2 Rg2+ 44. Kc3 Rg3+ 45. Kc2 Rg4 46. Nxc6 Rxf4 47. Nxa7 Rf2+ 48. Kc3 Rf3+ 49. Kc2 Na3+ 50. Kb2 Rh3 51. Rc1 Nc4+ 52. Kb1 Rxh4 53. Nxb5 Nd2+ 54. Kc2 Rh2 55. Kc3 f4 56. Nd4 f3 57. Rd1 Ne4+ 58. Kd3 Nf2+ 59. Ke3 Nxd1+ 60. Kxf3 Nc3 0-1

[Event "Swiss Queens Wed #2"]
[Site "FIDE Online Arena INT"]
[Date "2024.02.07"]
[Round "3"]
[White "Mkrtchyan, Mariam"]
[Black "Doluhanova, Evgeniya"]
[Result "1/2-1/2"]
[WhiteElo "2344"]
[BlackElo "2263"]
[PlyCount "88"]
[EventDate "2024.02.07"]
[EventType "swiss (blitz)"]
[EventRounds "11"]
[EventCountry "NET"]
[SourceTitle "CB07_2024"]
[SourceDate "2024.02.14"]
[SourceVersion "1"]
[SourceVersionDate "2024.02.14"]
[SourceQuality "1"]

1. Nf3 Nf6 2. g3 e6 3. Bg2 d5 4. 0-0 b6 5. c4 Bb7 6. cxd5 exd5 7. d4 Nbd7 8. Nc3 Be7 9. Bf4 0-0 10. Rc1 c5 11. dxc5 Nxc5 12. Nd4 Nfe4 13. a3 Nxc3 14. Rxc3 Ne4 15. Rc2 Rc8 16. Qb1 Bf6 17. Be3 Rxc2 18. Qxc2 Qd7 19. Rc1 Rc8 20. Qd1 g6 21. h4 h5 22. Kh2 Bg7 23. Bh3 f5 24. Rc2 Qe7 25. Rxc8+ Bxc8 26. Qc2 Bb7 27. Nf3 Bf6 28. b4 Nd6 29. Qd3 Nc4 30. Bd4 Bxd4 31. Nxd4 Qe4 32. Nc2 Qxd3 33. exd3 Ne5 34. d4 Nc4 35. Bf1 Kf7 36. Kg2 Ke6 37. Kf3 b5 38. Bd3 a6 39. Ke2 Bc8 40. f4 Bb7 41. Kf3 Bc6 42. Ke2 Bb7 43. Kf3 Bc6 44. Ke2 Bb7 1/2-1/2

[Event "Swiss Queens Wed #1"]
[Site "FIDE Online Arena INT"]
[Date "2024.01.31"]
[Round "5"]
[White "Doluhanova, Evgeniya"]
[Black "Balabayeva, Kseniya"]
[Result "0-1"]
[WhiteElo "2224"]
[BlackElo "2282"]
[PlyCount "30"]
[EventDate "2024.01.31"]
[EventType "swiss (blitz)"]
[EventRounds "11"]
[EventCountry "NET"]
[SourceTitle "CB06_2024"]
[SourceDate "2024.02.07"]
[SourceVersion "1"]
[SourceVersionDate "2024.02.07"]
[SourceQuality "1"]

1. Nf3 d5 2. b3 Nf6 3. Bb2 Bf5 4. e3 e6 5. Be2 h6 6. c4 Nbd7 7. Nc3 c6 8. Rc1 Bd6 9. 0-0 Qe7 10. d4 g5 11. Na4 g4 12. Ne5 Rg8 13. Qd2 Ne4 14. Qa5 Nxe5 15. dxe5 Bb4 0-1

[Event "Swiss Queens Wed #1"]
[Site "FIDE Online Arena INT"]
[Date "2024.01.31"]
[Round "11"]
[White "Doluhanova, Evgeniya"]
[Black "Cori Tello, Deysi Estella"]
[Result "0-1"]
[WhiteElo "2224"]
[BlackElo "2389"]
[PlyCount "108"]
[EventDate "2024.01.31"]
[EventType "swiss (blitz)"]
[EventRounds "11"]
[EventCountry "NET"]
[SourceTitle "CB06_2024"]
[SourceDate "2024.02.07"]
[SourceVersion "1"]
[SourceVersionDate "2024.02.07"]
[SourceQuality "1"]

1. e4 e6 2. d4 d5 3. exd5 exd5 4. Nf3 Bd6 5. Bd3 Ne7 6. 0-0 Bg4 7. h3 Bh5 8. Nc3 Nbc6 9. Nb5 a6 10. Nxd6+ Qxd6 11. c3 0-0-0 12. Be2 h6 13. Ne5 Bxe2 14. Qxe2 Nxe5 15. dxe5 Qe6 16. f4 g6 17. Be3 Nf5 18. Bf2 h5 19. Rfd1 Rhe8 20. Qf3 h4 21. Rd2 c6 22. Rad1 Rd7 23. c4 d4 24. Bxd4 Qxc4 25. b3 Nxd4 26. Rxd4 Qc5 27. Qf2 Rxd4 28. Rxd4 Qc3 29. Rd1 Rh8 30. Qa7 Kc7 31. Qf2 Rh5 32. Qe2 Rf5 33. Qe4 Qc5+ 34. Kh1 Kb6 35. b4 Qf2 36. Qd4+ Qxd4 37. Rxd4 c5 38. bxc5+ Kxc5 39. Re4 Kd5 40. Rb4 b5 41. a4 Kc5 42. Re4 b4 43. g4 hxg3 44. Kg2 b3 45. Kxg3 b2 46. Re1 Kb4 47. e6 fxe6 48. Rxe6 b1Q 49. Rb6+ Rb5 50. axb5 axb5 51. Kg4 Qf5+ 52. Kf3 Qd5+ 53. Kg4 Qg2+ 54. Kh4 Qf2+ 0-1

[Event "Titled Tuesday intern op 23rd Jan Late"]
[Site "Chess.com INT"]
[Date "2024.01.23"]
[Round "5"]
[White "Doluhanova, Evgeniya"]
[Black "Antoniou, Rafail"]
[Result "0-1"]
[WhiteElo "2224"]
[BlackElo "2030"]
[PlyCount "54"]
[EventDate "2024.01.23"]
[EventType "swiss (blitz)"]
[EventRounds "11"]
[EventCountry "USA"]
[SourceTitle "CB05_2024"]
[SourceDate "2024.01.31"]
[SourceVersion "1"]
[SourceVersionDate "2024.01.31"]
[SourceQuality "1"]

1. e4 c5 2. Nf3 e6 3. c4 Nc6 4. Nc3 Nf6 5. d3 d5 6. exd5 exd5 7. Bg5 d4 8. Nd5 Be7 9. Nxe7 Qxe7+ 10. Qe2 Be6 11. Ne5 h6 12. Nxc6 bxc6 13. Bxf6 Qxf6 14. g3 0-0 15. Bg2 Rfe8 16. Be4 Bf5 17. f3 Qd6 18. 0-0 Bh3 19. Qd2 f5 20. Rfe1 fxe4 21. fxe4 Rf8 22. e5 Qe6 23. Qe2 Rf5 24. Qe4 Raf8 25. Qh4 Rf2 26. b4 Rg2+ 27. Kh1 Rff2 0-1

[Event "EU-ch Blitz (Women)"]
[Site "Monaco"]
[Date "2024.01.12"]
[Round "2"]
[White "Papp, Petra"]
[Black "Doluhanova, Evgeniya"]
[Result "1/2-1/2"]
[WhiteElo "2267"]
[BlackElo "2224"]
[PlyCount "72"]
[EventDate "2024.01.12"]
[EventType "swiss (blitz)"]
[EventRounds "13"]
[EventCountry "MNC"]
[SourceTitle "CB03_2024"]
[SourceDate "2024.01.17"]
[SourceVersion "1"]
[SourceVersionDate "2024.01.17"]
[SourceQuality "1"]

1. e4 e5 2. Nf3 Nc6 3. d4 exd4 4. Nxd4 Bc5 5. Nb3 Bb6 6. Nc3 Nge7 7. Bf4 d6 8. Qd2 a5 9. a4 0-0 10. 0-0-0 Be6 11. Nd5 Bxd5 12. exd5 Nb4 13. Bc4 Ng6 14. Bg5 Qd7 15. Bb5 Qf5 16. Be3 Bxe3 17. fxe3 Ne5 18. Rhf1 Qg6 19. Nd4 c6 20. dxc6 bxc6 21. Nf5 Qe6 22. c3 Na2+ 23. Kb1 cxb5 24. Qxd6 Nxc3+ 25. bxc3 Qb3+ 26. Ka1 Qxa4+ 27. Kb1 Qb3+ 28. Ka1 Qxc3+ 29. Ka2 Nc4 30. Qd4 Qc2+ 31. Ka1 Qa4+ 32. Kb1 Qb3+ 33. Ka1 Qa4+ 34. Kb1 Qb3+ 35. Ka1 Qa4+ 36. Kb1 Qb3+ 1/2-1/2

[Event "Las Palmas San Mateo CC op 1st"]
[Site "Las Palmas"]
[Date "2023.12.07"]
[Round "6"]
[White "Doluhanova, Evgeniya"]
[Black "Strikovic, Aleksa"]
[Result "1/2-1/2"]
[WhiteElo "2162"]
[BlackElo "2433"]
[PlyCount "34"]
[EventDate "2023.12.04"]
[EventType "swiss"]
[EventRounds "9"]
[EventCountry "ESP"]
[SourceTitle "CB50_2023"]
[SourceDate "2023.12.13"]
[SourceVersion "1"]
[SourceVersionDate "2023.12.13"]
[SourceQuality "1"]

1. c4 c5 2. Nf3 Nf6 3. Nc3 e6 4. d4 cxd4 5. Nxd4 Nc6 6. e4 Bb4 7. Nxc6 bxc6 8. Bd3 e5 9. 0-0 0-0 10. Bd2 d6 11. a3 Bc5 12. b4 Bd4 13. h3 Be6 14. Rc1 d5 15. cxd5 cxd5 16. Bg5 Bxc3 17. Rxc3 dxe4 1/2-1/2

[Event "Las Palmas San Mateo CC op 1st"]
[Site "Las Palmas"]
[Date "2023.12.06"]
[Round "4"]
[White "Doluhanova, Evgeniya"]
[Black "Mamani Beltran, Deniman"]
[Result "1/2-1/2"]
[WhiteElo "2162"]
[BlackElo "2154"]
[PlyCount "111"]
[EventDate "2023.12.04"]
[EventType "swiss"]
[EventRounds "9"]
[EventCountry "ESP"]
[SourceTitle "CB50_2023"]
[SourceDate "2023.12.13"]
[SourceVersion "1"]
[SourceVersionDate "2023.12.13"]
[SourceQuality "1"]

1. c4 e6 2. Nf3 Nf6 3. g3 d5 4. b3 Be7 5. Bg2 0-0 6. 0-0 c5 7. cxd5 Nxd5 8. Bb2 b6 9. d4 Bb7 10. Nbd2 Nd7 11. Nc4 Rc8 12. Qd2 cxd4 13. Bxd4 Bb4 14. Qb2 b5 15. a3 Bc5 16. Nce5 Bxd4 17. Qxd4 Nxe5 18. Qxe5 Qf6 19. Qxf6 Nxf6 20. Nd4 Bxg2 21. Kxg2 a6 22. Rfc1 Rfe8 23. Nc6 Kf8 24. a4 Rc7 25. axb5 axb5 26. Nd4 Rd7 27. e3 Rb8 28. Rc5 b4 29. Rc4 Nd5 30. e4 Nc3 31. Nc6 Rc8 32. Ne5 Rxc4 33. Nxd7+ Ke7 34. bxc4 Kxd7 35. Ra6 Kc7 36. c5 Nxe4 37. Rb6 Nxc5 38. Rxb4 e5 39. Rb5 Kd6 40. Rb8 Ke7 41. h4 h5 42. Kf3 f5 43. Rb6 Ne6 44. Ke3 Nc7 45. Rb7 Kd6 46. f3 Ne6 47. Rf7 f4+ 48. gxf4 exf4+ 49. Ke4 g5 50. Rf6 Ke7 51. Rxe6+ Kxe6 52. hxg5 Kf7 53. Kf5 Kg7 54. g6 h4 55. Kg4 Kxg6 56. Kxh4 1/2-1/2

[Event "Las Palmas San Mateo CC op 1st"]
[Site "Las Palmas"]
[Date "2023.12.05"]
[Round "3"]
[White "Hernando Rodrigo, Jose Maria"]
[Black "Doluhanova, Evgeniya"]
[Result "0-1"]
[WhiteElo "2278"]
[BlackElo "2162"]
[PlyCount "118"]
[EventDate "2023.12.04"]
[EventType "swiss"]
[EventRounds "9"]
[EventCountry "ESP"]
[SourceTitle "CB50_2023"]
[SourceDate "2023.12.13"]
[SourceVersion "1"]
[SourceVersionDate "2023.12.13"]
[SourceQuality "1"]

1. d4 Nf6 2. Nf3 e6 3. e3 b6 4. Bd3 Bb7 5. 0-0 Be7 6. b3 0-0 7. Bb2 Ne4 8. Nbd2 f5 9. c4 Qe8 10. Qc2 Nxd2 11. Nxd2 Qg6 12. e4 Nc6 13. a3 Bd6 14. f3 Bf4 15. Rfe1 Ne7 16. Nf1 fxe4 17. Bxe4 Bxe4 18. Qxe4 Qxe4 19. Rxe4 Nc8 20. Rd1 Nd6 21. Re2 Rae8 22. Kf2 Bg5 23. d5 exd5 24. Rxd5 Bh4+ 25. g3 Rxe2+ 26. Kxe2 Bf6 27. Bxf6 Rxf6 28. c5 bxc5 29. Rxc5 c6 30. Ne3 Nb5 31. Nc2 Re6+ 32. Kf2 Rd6 33. a4 Nc7 34. h4 Rd3 35. b4 Rb3 36. Ke2 a6 37. Re5 Kf7 38. Re3 Rb2 39. Kd2 Nd5 40. Re4 Rb3 41. Ne1 Nxb4 42. Rf4+ Kg8 43. Re4 c5 44. Re7 d5 45. g4 c4 46. Rc7 a5 47. Rc5 Rb2+ 48. Kc1 Re2 49. Rc8+ Kf7 50. Kd1 Ra2 51. f4 Rxa4 52. Nf3 Ra1+ 53. Kd2 Ra2+ 54. Kd1 Nd3 55. Rc7+ Kf6 56. g5+ Kf5 57. Rxg7 Kxf4 58. Nd4 c3 59. Ne2+ Rxe2 0-1

[Event "SRB-chT (Women) Div1"]
[Site "Senta"]
[Date "2023.10.15"]
[Round "6.1"]
[White "Fataliyeva, Ulviyya Hasil Qizi"]
[Black "Doluhanova, Evgeniya"]
[Result "1-0"]
[WhiteElo "2393"]
[BlackElo "2230"]
[PlyCount "167"]
[EventDate "2023.10.10"]
[EventType "team-tourn"]
[EventRounds "11"]
[EventCountry "SRB"]
[SourceTitle "Mega2024 Update 01"]
[Source "Chessbase"]
[SourceDate "2023.11.12"]
[SourceVersion "1"]
[SourceVersionDate "2023.11.12"]
[SourceQuality "1"]
[WhiteTeam "Belgrade Rad (W)"]
[BlackTeam "Kostolac Rudar (W)"]
[WhiteTeamCountry "SRB"]
[BlackTeamCountry "SRB"]

1. Nf3 Nf6 2. c4 e6 3. g3 b6 4. Bg2 Bb7 5. d4 Be7 6. d5 exd5 7. Nh4 Ne4 8. cxd5 Bxh4 9. Bxe4 Bf6 10. Nc3 Na6 11. Bg2 Nc5 12. Be3 0-0 13. Rc1 Re8 14. b4 Bxc3+ 15. Rxc3 Ne4 16. Rc4 Nd6 17. Rc2 a5 18. a3 axb4 19. axb4 Ra4 20. 0-0 Rxb4 21. Qc1 Ba6 22. Qa3 Rc4 23. Rb2 b5 24. Bf4 Ra4 25. Qc5 Nc4 26. Bxc7 d6 27. Qxc4 bxc4 28. Bxd8 Rxd8 29. Rc1 Kf8 30. f4 f5 31. Rc3 Ra5 32. Rb6 Re8 33. Kf2 Ra2 34. Bf3 Rd8 35. g4 g6 36. gxf5 gxf5 37. Rc6 Rd7 38. Rb6 Ke7 39. Bh5 Bb7 40. Re3+ Kd8 41. Rb5 Rd2 42. Ke1 Ra2 43. Bf3 Kc7 44. Rc3 Ra4 45. Rb2 Rg7 46. Kf2 Ba6 47. e4 fxe4 48. Bxe4 Kd8 49. Rb6 Ra2+ 50. Rc2 Rxc2+ 51. Bxc2 Bb7 52. Rxd6+ Kc7 53. Rh6 Bxd5 54. Rxh7 Rxh7 55. Bxh7 Kd6 56. Ke3 Kc5 57. Bg6 Kd6 58. Kd4 Be6 59. h4 Ke7 60. Ke5 c3 61. Bc2 Bg4 62. Kd4 Kf6 63. Kxc3 Kg7 64. Kd2 Kh6 65. Bd1 Bf5 66. Ke3 Bb1 67. Kd4 Bf5 68. Ke5 Bh3 69. Bf3 Bd7 70. Kd6 Bf5 71. Ke7 Bd3 72. Bg4 Be4 73. Kf6 Bd3 74. Bf5 Bb5 75. Bg6 Bd7 76. Bf7 Bb5 77. Ke5 Bd3 78. h5 Kg7 79. Bg6 Bc4 80. f5 Kh6 81. Kd6 Bd3 82. f6 Bc4 83. Ke7 Bd5 84. f7 1-0

[Event "SRB-chT (Women) Div1"]
[Site "Senta"]
[Date "2023.10.13"]
[Round "4.1"]
[White "Kolagatla, Alana Meenakshi"]
[Black "Doluhanova, Evgeniya"]
[Result "1/2-1/2"]
[WhiteElo "2131"]
[BlackElo "2230"]
[PlyCount "62"]
[EventDate "2023.10.10"]
[EventType "team-tourn"]
[EventRounds "11"]
[EventCountry "SRB"]
[SourceTitle "Mega2024 Update 01"]
[Source "Chessbase"]
[SourceDate "2023.11.12"]
[SourceVersion "1"]
[SourceVersionDate "2023.11.12"]
[SourceQuality "1"]
[WhiteTeam "Novi Sad Sah Kruzok (W)"]
[BlackTeam "Kostolac Rudar (W)"]
[WhiteTeamCountry "SRB"]
[BlackTeamCountry "SRB"]

1. e4 e5 2. Nf3 Nc6 3. Bb5 Nf6 4. 0-0 Nxe4 5. Re1 Nd6 6. Nxe5 Be7 7. Bf1 Nxe5 8. Rxe5 0-0 9. d4 Bf6 10. Re1 Re8 11. Rxe8+ Nxe8 12. Bf4 d5 13. c3 c6 14. Bd3 Nd6 15. Nd2 Bf5 16. Qf3 Bg6 17. Re1 Bg5 18. Bxg6 hxg6 19. Qg3 Bxf4 20. Qxf4 Qf6 21. Qxf6 gxf6 22. f3 Kf8 23. Kf2 a5 24. Re2 a4 25. Kf1 Ra5 26. Re1 b6 27. Ke2 c5 28. Kd3 Rb5 29. Rb1 Nf5 30. dxc5 bxc5 31. c4 dxc4+ 1/2-1/2